"Vi är dom vi inte är!": identitet och exklusivitet bland de tidiga kristna i Efesos
| Main Author: | |
|---|---|
| Format: | Print Article |
| Language: | Swedish |
| Check availability: | HBZ Gateway |
| Interlibrary Loan: | Interlibrary Loan for the Fachinformationsdienste (Specialized Information Services in Germany) |
| Published: |
2005
|
| In: |
Svensk exegetisk årsbok
Year: 2005, Volume: 70, Pages: 361-387 |
| Standardized Subjects / Keyword chains: | B
Ephesus
/ Early Christianity (motif)
/ Religious identity
|
| RelBib Classification: | BC Ancient Orient; religion HC New Testament HH Archaeology KAB Church history 30-500; early Christianity KBL Near East and North Africa |
| Further subjects: | B
Pastoral Epistles
B Socio-historical exegesis B Primitive Christianity B Ephesus |
MARC
| LEADER | 00000caa a22000002c 4500 | ||
|---|---|---|---|
| 001 | 1645654796 | ||
| 003 | DE-627 | ||
| 005 | 20220616122642.0 | ||
| 007 | tu | ||
| 008 | 160405s2005 xx ||||| 00| ||swe c | ||
| 035 | |a (DE-627)1645654796 | ||
| 035 | |a (DE-576)46656385X | ||
| 035 | |a (DE-599)BSZ46656385X | ||
| 040 | |a DE-627 |b ger |c DE-627 |e rakwb | ||
| 041 | |a swe | ||
| 084 | |a 1 |2 ssgn | ||
| 100 | 1 | |0 (DE-588)138860297 |0 (DE-627)606703373 |0 (DE-576)185271928 |4 aut |a Tellbe, Mikael |d 1960- | |
| 109 | |a Tellbe, Mikael 1960- | ||
| 245 | 1 | 0 | |a "Vi är dom vi inte är!" |b identitet och exklusivitet bland de tidiga kristna i Efesos |
| 264 | 1 | |c 2005 | |
| 336 | |a Text |b txt |2 rdacontent | ||
| 337 | |a ohne Hilfsmittel zu benutzen |b n |2 rdamedia | ||
| 338 | |a Band |b nc |2 rdacarrier | ||
| 630 | 0 | 7 | |0 (DE-588)4075937-4 |0 (DE-627)106084305 |0 (DE-576)209200235 |a Bibel |p Pastoralbriefe |2 gnd |
| 650 | 0 | 7 | |0 (DE-588)4062115-7 |0 (DE-627)10445198X |0 (DE-576)209142537 |a Urchristentum |2 gnd |
| 650 | 0 | 7 | |0 (DE-588)4200241-2 |0 (DE-627)10517517X |0 (DE-576)210134100 |a Sozialgeschichtliche Exegese |2 gnd |
| 651 | 7 | |0 (DE-588)4015012-4 |0 (DE-627)106338129 |0 (DE-576)208910123 |a Ephesus |2 gnd | |
| 652 | |a BC:HC:HH:KAB:KBL | ||
| 689 | 0 | 0 | |d g |0 (DE-588)4015012-4 |0 (DE-627)106338129 |0 (DE-576)208910123 |2 gnd |a Ephesus |
| 689 | 0 | 1 | |d s |0 (DE-588)4129954-1 |0 (DE-627)104161795 |0 (DE-576)209614838 |2 gnd |a Frühchristentum |
| 689 | 0 | 2 | |d s |0 (DE-588)4354651-1 |0 (DE-627)181259605 |0 (DE-576)211562815 |2 gnd |a Religiöse Identität |
| 689 | 0 | |5 (DE-627) | |
| 773 | 0 | 8 | |i In |t Svensk exegetisk årsbok |d Uppsala : Svenska exegetiska sällskapet, 1936 |g 70(2005), Seite 361-387 |w (DE-627)129888192 |w (DE-600)301578-6 |w (DE-576)015190374 |x 1100-2298 |7 nnas |
| 773 | 1 | 8 | |g volume:70 |g year:2005 |g pages:361-387 |
| 935 | |a mteo |a BIIN | ||
| 951 | |a AR | ||
| BIB | |a 1 | ||
| ELC | |b 1 | ||
| ITA | |a 1 |t 1 | ||
| LOK | |0 000 xxxxxcx a22 zn 4500 | ||
| LOK | |0 001 3315120781 | ||
| LOK | |0 003 DE-627 | ||
| LOK | |0 004 1645654796 | ||
| LOK | |0 005 20160405144856 | ||
| LOK | |0 008 160404||||||||||||||||ger||||||| | ||
| LOK | |0 040 |a DE-Tue135 |c DE-627 |d DE-Tue135 | ||
| LOK | |0 092 |o n | ||
| LOK | |0 852 |a DE-Tue135 | ||
| LOK | |0 852 1 |9 00 | ||
| LOK | |0 935 |a ixzs |a ixmi | ||
| LOK | |0 936ln |0 1442044284 |a KAB | ||
| LOK | |0 936ln |0 1442048883 |a KBL | ||
| LOK | |0 939 |a 04-04-16 |b l01 | ||
| LOK | |0 000 xxxxxcx a22 zn 4500 | ||
| LOK | |0 001 3315120803 | ||
| LOK | |0 003 DE-627 | ||
| LOK | |0 004 1645654796 | ||
| LOK | |0 005 20190311210403 | ||
| LOK | |0 008 190311||||||||||||||||ger||||||| | ||
| LOK | |0 035 |a (DE-Tue135-1)160151 | ||
| LOK | |0 040 |a DE-Tue135-1 |c DE-627 |d DE-Tue135-1 | ||
| LOK | |0 852 |a DE-Tue135-1 | ||
| LOK | |0 852 1 |c FTHNT097748/70/TEM |m p |9 00 | ||
| LOK | |0 852 2 |b Z 4/795 |9 00 | ||
| LOK | |0 935 |a iZSA | ||
| LOK | |0 936ln |0 1442044136 |a HC | ||
| LOK | |0 936ln |0 1442044187 |a HH | ||
| LOK | |0 936ln |0 1442043377 |a BC | ||
| LOK | |0 938 |k p | ||
| LOK | |0 939 |a 11-03-19 |b l12 | ||
| ORI | |a SA-MARC-ixtheoa001.raw | ||
| REL | |a 1 | ||
| STA | 0 | 0 | |a Early Christianity (motif),Church,Early Christianity,Early church,Primitive Christianity,Early Christianity,Early Church,Urchristentum,Urgemeinde,Religious identity,Religious identity,Identity,Socio-historical exegesis |
| STB | 0 | 0 | |a Christianisme primitif (motif),Christianisme primitif,Paléochristianisme,Paléochristianisme,Église,Exégèse sociohistorique,Identité religieuse,Identité religieuse,Paléochristianisme,Christianisme des origines,Christianisme des origines |
| STC | 0 | 0 | |a Cristianismo de las orígenes,Cristianismo primitivo,Exegesis histórico-social,Identidad religiosa,Identidad religiosa |
| STD | 0 | 0 | |a Cristianesimo delle origini,Cristianesimo delle origini,Protocristianesimo,Protocristianesimo,Esegesi storico-sociale,Identità religiosa,Identità religiosa |
| STE | 0 | 0 | |a 原始基督教,早期基督教,宗教身份,宗教认同,早期基督教,社会–历史释经法 |
| STF | 0 | 0 | |a 原始基督教,早期基督教,宗教身份,宗教認同,早期基督教,社會–歷史釋經法 |
| STG | 0 | 0 | |a Cristianismo das origens,Cristianismo primitivo,Exegese histórico-social,Identidade religiosa,Identidade religiosa |
| STH | 0 | 0 | |a Раннее христианство,Религиозная личность (мотив),Религиозное сознание,Социально-историческая экзегеза |
| STI | 0 | 0 | |a Θρησκευτική ταυτότητα (μοτίβο),Θρησκευτική ταυτότητα,Κοινωνικο-ιστορική ερμηνεία,Πρώιμος Χριστιανισμός,Πρώιμος Χριστιανισμός,Πρωτοχριστιανισμός |
| SUB | |a BIB |a REL | ||
| SYD | 0 | 0 | |a Pastoralbriefe,Les epîtres pastorales,The pastoral epistles,Pastoral Letters,Epistulae pastorales,Lettere pastorali |
| SYE | 0 | 0 | |a Kirchengeschichte 30-100,Urgemeinde,Urkirche , Sozialwissenschaftliche Exegese |
| SYF | 0 | 0 | |a Ephesos,Efes,Efeso,Ephesos,Efes,Efeso |
| SYG | 0 | 0 | |a Ephesos,Efes,Efeso,Ephesos,Efes,Efeso , Alte Kirche,Frühkirche , Religiöses Bewusstsein |
| TIM | |a 100000300101_100006001231 |b Frühchristentum 30-600 | ||



